Las Organizaciones frente a la evolución de las políticas públicas en Costa Rica: una relectura histórica de las estrategias de la organizaciones de productores agrícolas de la región Huetar Norte /
שמור ב:
| מחבר ראשי: | |
|---|---|
| מחברים אחרים: | |
| פורמט: | Texto |
| נושאים: | |
| תגים: |
הוספת תג
אין תגיות, היה/י הראשונ/ה לתייג את הרשומה!
|
MARC
| LEADER | 00000 a a2200000 04500 | ||
|---|---|---|---|
| 001 | 1140 | ||
| 003 | |||
| 040 | |||
| 100 | |a Rodríguez, Nadia | ||
| 245 | |a Las Organizaciones frente a la evolución de las políticas públicas en Costa Rica: una relectura histórica de las estrategias de la organizaciones de productores agrícolas de la región Huetar Norte / |c Nadia Rodríguez ; Elodie Maïtre d'Hotel | ||
| 650 | |a AGRICULTURA | ||
| 650 | |a POLITICAS PUBLICAS | ||
| 650 | |a ANALISIS SOCIOLOGICO | ||
| 650 | |a ASOCIACIONES DE PRODUCTORES | ||
| 650 | |a EMPRESAS | ||
| 650 | |a INSTITUCIONES | ||
| 650 | |a ESTADO | ||
| 650 | |a COSTA RICA | ||
| 700 | |a Maïtre d'Hotel, Elodie | ||
| 773 | |g volumen 30, número 1 -2; páginas 27-50 | ||
| 999 | |c 31945 |d 31945 | ||
| 773 | 0 | |0 18765 |9 5207 |a Universidad de Costa Rica. |d San José, Costa Rica: Editorial Universidad de Costa Rica, 1974- |o 03261 |t Anuario de Estudios Centroamericanos / |x 03777316 | |
